[Event "XXIV Festival Conca della Presolana A"]
[Site "Bratto - Castione della Presolana ITA"]
[Date "2004.08.20"]
[Round "1"]
[White "Bergez, Luc"]
[Black "Lapiccirella, Daniele"]
[Result "1-0"]
[WhiteElo "2376"]
[BlackElo "2104"]
[PlyCount "81"]
[EventDate "2004.08.20"]

1.e4 c5 2.Nf3 e6 3.b3 Nf6 4.e5 Nd5 5.c4 Nc7 6.d4 cxd4 7.Bg5 Be7 8.Bxe7 
Qxe7 9.Qxd4 Nc6 10.Qd2 b6 11.Nc3 f5 12.exf6 gxf6 13.g3 Bb7 14.Bg2 Ne5 15.
Qe2 O-O-O 16.O-O Nxf3+ 17.Bxf3 d5 18.cxd5 Nxd5 19.Nxd5 Bxd5 20.a4 Bxf3 21.
Qxf3 Rd5 22.Rfe1 Rhd8 23.a5 bxa5 24.Qc3+ Rc5 25.Rxe6 Rxc3 26.Rxe7 Rd7 27.
Rxd7 Kxd7 28.Rxa5 Rc7 29.Rb5 Ke6 30.Kg2 Rc3 31.Rb7 a5 32.Rxh7 Rxb3 33.Ra7 
Rb5 34.g4 Rb4 35.f3 f5 36.g5 Rh4 37.Kg3 Ra4 38.h4 Ra1 39.h5 Rh1 40.h6 Rh5 
41.Ra6+ 1-0

[Event "XXIV Festival Conca della Presolana A"]
[Site "Bratto - Castione della Presolana ITA"]
[Date "2004.08.20"]
[Round "1"]
[White "Buccoliero, Alessandro"]
[Black "Ranola, Yves"]
[Result "0-1"]
[WhiteElo "2123"]
[BlackElo "2410"]
[PlyCount "78"]
[EventDate "2004.08.20"]

1.d4 Nf6 2.c4 Nc6 3.d5 Ne5 4.b3 e6 5.Qd4 Bb4+ 6.Bd2 Bxd2+ 7.Nxd2 d6 8.e4 
c5 9.dxc6 Nxc6 10.Qc3 O-O 11.Bd3 d5 12.Ngf3 d4 13.Qc2 Nd7 14.a3 Qe7 15.O-O
a5 16.e5 Ndxe5 17.Nxe5 Nxe5 18.Bxh7+ Kh8 19.f4 Ng4 20.Rf3 f5 21.Bg6 d3 22.
Qd1 Qc5+ 23.Kh1 Rf6 24.b4 axb4 25.Nb3 Qc7 26.Rh3+ Kg8 27.Bh7+ Kf7 28.Qd2 
Rxa3 29.Rxa3 bxa3 30.Rxd3 Rh6 31.Rh3 Rxh3 32.gxh3 Qc6+ 33.Kg1 Qb6+ 34.c5 
Qxb3 35.hxg4 a2 36.Bg8+ Kxg8 37.Qd8+ Kf7 38.Qc7+ Kg6 39.gxf5+ Kh7 0-1

[Event "XXIV Festival Conca della Presolana A"]
[Site "Bratto - Castione della Presolana ITA"]
[Date "2004.08.20"]
[Round "1"]
[White "Campanile, Roberto"]
[Black "Marinelli, Gian Marco"]
[Result "1-0"]
[WhiteElo "2183"]
[BlackElo "2018"]
[PlyCount "77"]
[EventDate "2004.08.20"]

1.d4 Nf6 2.c4 g6 3.Nc3 Bg7 4.e4 d6 5.Nf3 O-O 6.Be3 Ng4 7.Bg5 f6 8.Bc1 e5 
9.h3 Nh6 10.dxe5 dxe5 11.Qxd8 Rxd8 12.Nd5 Na6 13.Nxf6+ Bxf6 14.Bxh6 Nb4 
15.Rd1 Rxd1+ 16.Kxd1 Nxa2 17.Kc2 Nb4+ 18.Kc3 a5 19.Be2 Bd7 20.Ng5 Nc6 21.
c5 Bxg5 22.Bc4+ Kh8 23.Bxg5 Kg7 24.Rd1 Be8 25.Be3 Kf6 26.h4 Rb8 27.Bb5 b6 
28.Bxc6 Bxc6 29.cxb6 Bxe4 30.bxc7 Rc8 31.Bb6 Bxg2 32.Bxa5 g5 33.Rg1 Bb7 
34.Rxg5 Ra8 35.b4 Ra6 36.Rg8 Rc6+ 37.Kd2 Rd6+ 38.Ke3 Rc6 39.Rb8 1-0

[Event "XXIV Festival Conca della Presolana A"]
[Site "Bratto - Castione della Presolana ITA"]
[Date "2004.08.20"]
[Round "1"]
[White "Campini, Marco"]
[Black "Boccalatte, Piero"]
[Result "1-0"]
[WhiteElo "2173"]
[BlackElo "2002"]
[PlyCount "89"]
[EventDate "2004.08.20"]

1.e4 c6 2.d4 d5 3.Nd2 dxe4 4.Nxe4 Nd7 5.Bc4 Ngf6 6.Ng5 e6 7.Ne2 h6 8.Nh3 
Bd6 9.O-O Qc7 10.Bf4 b6 11.Re1 Nd5 12.Bg3 O-O 13.Bb3 Bb7 14.c4 Ne7 15.Qd3 
Rad8 16.Bc2 g6 17.Qe3 Kg7 18.Rad1 Rfe8 19.c5 Bxg3 20.hxg3 e5 21.b4 Nd5 22.
Qa3 Bc8 23.dxe5 Nxe5 24.Nef4 Bxh3 25.Nxh3 b5 26.Nf4 Nc4 27.Qf3 Rxe1+ 28.
Rxe1 Nd2 29.Qg4 Nf6 30.Qe2 Nc4 31.Bb3 Re8 32.Qd1 Rxe1+ 33.Qxe1 Qe5 34.Qxe5
Nxe5 35.Bc2 g5 36.Ne2 Nd5 37.a3 Nc4 38.Bb3 Nxa3 39.Bxd5 cxd5 40.c6 Nc4 41.
Nc3 d4 42.Nxb5 d3 43.Kf1 a6 44.c7 Nb6 45.Nd6 1-0

[Event "XXIV Festival Conca della Presolana A"]
[Site "Bratto - Castione della Presolana ITA"]
[Date "2004.08.20"]
[Round "1"]
[White "Capece, Adolivio"]
[Black "Lapiccirella, Mattia"]
[Result "0-1"]
[WhiteElo "2061"]
[BlackElo "2233"]
[PlyCount "48"]
[EventDate "2004.08.20"]

1.c4 c5 2.Nc3 b6 3.Nf3 Bb7 4.d4 cxd4 5.Nxd4 Nf6 6.Bg5 d6 7.f3 Nbd7 8.e4 e6
9.Qa4 a6 10.Be2 Qc7 11.O-O Be7 12.Rac1 O-O 13.Be3 Rac8 14.b4 Rfe8 15.Qb3 
Qb8 16.Nc2 Bd8 17.Ne1 Bc7 18.g3 d5 19.cxd5 exd5 20.Nxd5 Nxd5 21.exd5 Bxg3 
22.hxg3 Rxc1 23.Bxc1 Qxg3+ 24.Ng2 Rxe2 0-1

[Event "XXIV Festival Conca della Presolana A"]
[Site "Bratto - Castione della Presolana ITA"]
[Date "2004.08.20"]
[Round "1"]
[White "Capitelli, Paolo"]
[Black "Drazic, Sinisa"]
[Result "1/2-1/2"]
[WhiteElo "2137"]
[BlackElo "2461"]
[PlyCount "54"]
[EventDate "2004.08.20"]

1.e4 d5 2.exd5 Nf6 3.d4 Nxd5 4.c4 Nb6 5.Nf3 g6 6.Be2 Bg7 7.Nc3 O-O 8.Be3 
Nc6 9.Qd2 Bg4 10.O-O-O Bxf3 11.gxf3 e5 12.d5 Nd4 13.Ne4 c6 14.d6 f5 15.c5 
fxe4 16.cxb6 Qxd6 17.Bc4+ Kh8 18.h4 h5 19.fxe4 axb6 20.Kb1 b5 21.Bb3 Qf6 
22.Bxd4 exd4 23.Rhg1 d3 24.e5 Qxe5 25.Rxg6 Rf6 26.Rg5 Rf5 27.Rdg1 Rxg5 
1/2-1/2

[Event "XXIV Festival Conca della Presolana A"]
[Site "Bratto - Castione della Presolana ITA"]
[Date "2004.08.20"]
[Round "1"]
[White "Cardelli, Gabriele"]
[Black "Caruso, Augusto"]
[Result "0-1"]
[WhiteElo "2026"]
[BlackElo "2208"]
[PlyCount "42"]
[EventDate "2004.08.20"]

1.d4 e6 2.Nf3 f5 3.Nc3 Bb4 4.Qd3 Nf6 5.Bg5 c5 6.a3 Qa5 7.Bxf6 gxf6 8.O-O-O
Bxc3 9.Qxc3 Qxc3 10.bxc3 c4 11.Nd2 b5 12.e4 fxe4 13.Nxe4 f5 14.Nd6+ Ke7 
15.Nxb5 a6 16.Nc7 Ra7 17.d5 Kd6 18.Nxe6 dxe6 19.dxe6+ Ke5 20.Rd4 Bxe6 21.
Be2 Nc6 0-1

[Event "XXIV Festival Conca della Presolana A"]
[Site "Bratto - Castione della Presolana ITA"]
[Date "2004.08.20"]
[Round "1"]
[White "Cazzaniga, Walter"]
[Black "Valenti, Giuseppe"]
[Result "1/2-1/2"]
[WhiteElo "2081"]
[BlackElo "2288"]
[PlyCount "116"]
[EventDate "2004.08.20"]

1.d4 Nf6 2.c4 e6 3.Nf3 b6 4.g3 Ba6 5.b3 d5 6.Bg2 Bb4+ 7.Bd2 Qe7 8.O-O O-O 
9.Ne5 c6 10.Qc2 Rc8 11.Bxb4 Qxb4 12.Nd2 Qd6 13.Qb2 Nbd7 14.Rfd1 c5 15.Nxd7
Qxd7 16.Rac1 Bb7 17.cxd5 exd5 18.e3 Qe7 19.Nf3 Rc7 20.Ne5 Rd8 21.Rc2 Bc8 
22.dxc5 bxc5 23.Rcd2 Re8 24.Nf3 Bb7 25.Rc2 Ne4 26.Rdc1 Ba6 27.Rd1 Qe6 28.
Nd4 Qf6 29.Nf3 Qxb2 30.Rxb2 Nc3 31.Ra1 d4 32.exd4 Ne2+ 33.Kh1 cxd4 34.b4 
d3 35.b5 Bb7 36.Rd2 Rc2 37.Rxd3 Nc3 38.Nd4 Rxa2 39.Rc1 Ne4 40.Rf3 Rxf2 41.
Rxf2 Nxf2+ 42.Kg1 Bxg2 43.Kxg2 Ne4 44.Rc7 Nd6 45.Rxa7 h6 46.Rd7 Nc4 47.Rc7
Ne3+ 48.Kf3 Nd5 49.Rc5 Nb6 50.Rc6 Na4 51.Nf5 Re5 52.Nd6 g6 53.b6 Nxb6 54.
Rxb6 Re6 55.Rb8+ Kg7 56.Ne8+ Kh7 57.g4 Re1 58.Kf2 Rc1 1/2-1/2

[Event "XXIV Festival Conca della Presolana A"]
[Site "Bratto - Castione della Presolana ITA"]
[Date "2004.08.20"]
[Round "1"]
[White "Ceccarini, Marco"]
[Black "Shytaj, Luca"]
[Result "0-1"]
[WhiteElo "2091"]
[BlackElo "2344"]
[PlyCount "76"]
[EventDate "2004.08.20"]

1.e4 c5 2.Nf3 d6 3.d4 cxd4 4.Nxd4 Nf6 5.f3 a6 6.c4 e6 7.Nc3 Nbd7 8.Be3 b6 
9.Be2 Bb7 10.O-O Be7 11.a4 O-O 12.a5 Rb8 13.axb6 Nxb6 14.Na4 Nfd7 15.Nxb6 
Nxb6 16.b4 Qc7 17.Qb3 Rfc8 18.Rfc1 Qd8 19.Rab1 Nd7 20.c5 dxc5 21.Nxe6 Qe8 
22.Nxc5 Nxc5 23.Bxc5 Bxe4 24.fxe4 Bxc5+ 25.Kh1 Rxb4 26.Qd5 Bf8 27.Bxa6 Rd8
28.Qf5 Rxe4 29.Bb5 Qe7 30.Rf1 g6 31.Qf3 Bh6 32.Bc6 Rf4 33.Qb3 Qf6 34.Bf3 
Bf8 35.Rbd1 Rc8 36.Qd5 h5 37.g3 Rf5 38.Qd7 Rxf3 0-1

[Event "XXIV Festival Conca della Presolana A"]
[Site "Bratto - Castione della Presolana ITA"]
[Date "2004.08.20"]
[Round "1"]
[White "Contin, Daniel"]
[Black "Bonazzi, Edoardo"]
[Result "1-0"]
[WhiteElo "2392"]
[BlackElo "2115"]
[PlyCount "71"]
[EventDate "2004.08.20"]

1.c4 Nf6 2.Nc3 c5 3.g3 Nc6 4.Bg2 g6 5.Nf3 Bg7 6.d4 cxd4 7.Nxd4 Nxd4 8.Qxd4
d6 9.O-O O-O 10.Qd3 a6 11.Rd1 Nd7 12.b3 Nc5 13.Qd2 Rb8 14.Bb2 Be6 15.Rac1 
b5 16.cxb5 axb5 17.Nd5 Bxb2 18.Qxb2 Bxd5 19.Rxd5 Qb6 20.Qd2 Nd7 21.a4 bxa4
22.bxa4 Rfc8 23.Ra1 Rc5 24.a5 Qa6 25.e3 Rxd5 26.Qxd5 Nc5 27.Bf1 Qa7 28.Bc4
Rf8 29.h4 h5 30.a6 Ne6 31.Qe4 Kg7 32.Bxe6 fxe6 33.Qxe6 Rf5 34.Qe4 Rc5 35.
Rb1 Rc7 36.Rb7 1-0

[Event "XXIV Festival Conca della Presolana A"]
[Site "Bratto - Castione della Presolana ITA"]
[Date "2004.08.20"]
[Round "1"]
[White "Contini, Gabriele"]
[Black "Mariano, Elia"]
[Result "0-1"]
[WhiteElo "2048"]
[BlackElo "2212"]
[PlyCount "42"]
[EventDate "2004.08.20"]

1.d4 d5 2.Bg5 h6 3.Bh4 c5 4.c3 cxd4 5.Nf3 Qb6 6.Qd2 Nc6 7.Nxd4 e5 8.Nb3 
Be6 9.e3 Nge7 10.Be2 Nf5 11.Bg3 h5 12.h3 Nxg3 13.fxg3 a5 14.Kf2 Rd8 15.Rf1
a4 16.Nc1 d4 17.cxd4 Bb4 18.Qc2 exd4 19.Nd3 dxe3+ 20.Kg1 O-O 21.Qxa4 Rxd3 
0-1

[Event "XXIV Festival Conca della Presolana A"]
[Site "Bratto - Castione della Presolana ITA"]
[Date "2004.08.20"]
[Round "1"]
[White "Coratella, Giuseppe"]
[Black "Miladinovic, Igor"]
[Result "0-1"]
[WhiteElo "2156"]
[BlackElo "2630"]
[PlyCount "114"]
[EventDate "2004.08.20"]

1.e4 c5 2.Nf3 Nc6 3.d4 cxd4 4.Nxd4 Qc7 5.Nc3 e6 6.Be3 a6 7.Be2 Nf6 8.O-O 
Bb4 9.Na4 Be7 10.c4 Nxe4 11.c5 O-O 12.Rc1 f5 13.f4 Rb8 14.Qb3 Bf6 15.Nxf5 
Kh8 16.Nd6 b5 17.Nxe4 bxa4 18.Qxa4 Rb4 19.Qc2 Bd4 20.Bxd4 Nxd4 21.Qd2 Qb8 
22.Bc4 Nf5 23.b3 a5 24.Rcd1 Qc7 25.g4 Qc6 26.Rde1 Nh6 27.h3 Bb7 28.Qd6 Qc8
29.Re2 Nf7 30.Qd3 Bxe4 31.Qxe4 Qxc5+ 32.Qe3 Qxe3+ 33.Rxe3 Nd6 34.Rd3 Nxc4 
35.bxc4 h5 36.g5 Rxc4 37.Rxd7 Kh7 38.Re7 Rcxf4 39.Rxf4 Rxf4 40.Rxe6 Ra4 
41.Re2 Kg6 42.Rg2 Ra3 43.Kh2 h4 44.Rf2 Kxg5 45.Kg2 g6 46.Kh2 a4 47.Kg2 Rc3
48.Kh2 a3 49.Kg2 Rc5 50.Rd2 Kh5 51.Rf2 Rg5+ 52.Kh2 Rb5 53.Kg2 Rb2 54.Kg1 
Rxf2 55.Kxf2 g5 56.Kf3 g4+ 57.hxg4+ Kg5 0-1

[Event "XXIV Festival Conca della Presolana A"]
[Site "Bratto - Castione della Presolana ITA"]
[Date "2004.08.20"]
[Round "1"]
[White "D'Innocente, Stefano"]
[Black "Turci, Alberto"]
[Result "1-0"]
[WhiteElo "2197"]
[BlackElo "2023"]
[PlyCount "69"]
[EventDate "2004.08.20"]

1.e4 Nf6 2.e5 Nd5 3.d4 d6 4.Nf3 Bg4 5.Be2 c6 6.c4 Nb6 7.exd6 exd6 8.O-O 
Be7 9.Nbd2 O-O 10.h3 Bf5 11.Re1 Bf6 12.Nf1 d5 13.c5 Nc8 14.Bf4 b6 15.b4 a5
16.a3 Nd7 17.Ne3 Be6 18.Rb1 axb4 19.axb4 b5 20.Bd3 h6 21.Bc2 Re8 22.Qd3 
Nf8 23.Bh2 Re7 24.Nd2 Rea7 25.Nb3 Ra3 26.Qd1 R3a6 27.f4 Bd7 28.Rf1 Qc7 29.
Qd2 Kh8 30.Rbe1 Qd8 31.f5 Ra2 32.Ng4 Bg5 33.Qc3 Nh7 34.Ne5 Bf6 35.Nxf7+ 
1-0

[Event "XXIV Festival Conca della Presolana A"]
[Site "Bratto - Castione della Presolana ITA"]
[Date "2004.08.20"]
[Round "1"]
[White "De Santis, Alessio"]
[Black "Delfino, Luigi"]
[Result "1/2-1/2"]
[WhiteElo "2292"]
[BlackElo "2084"]
[PlyCount "44"]
[EventDate "2004.08.20"]

1.d4 Nf6 2.c4 c5 3.d5 b5 4.cxb5 e6 5.Nc3 exd5 6.g3 d4 7.Bg2 d5 8.Bg5 Bb7 
9.Bxf6 gxf6 10.Na4 Qa5+ 11.Kf1 Nd7 12.Nf3 Ne5 13.a3 Qxb5 14.b4 d3 15.Nxc5 
Bxc5 16.bxc5 Qb2 17.exd3 Nxd3 18.Nd2 Nxf2 19.Kxf2 Qd4+ 20.Kf3 Qd3+ 21.Kf2 
Qd4+ 22.Kf3 Qd3+ 1/2-1/2

[Event "XXIV Festival Conca della Presolana A"]
[Site "Bratto - Castione della Presolana ITA"]
[Date "2004.08.20"]
[Round "1"]
[White "Drabke, Lorenz Maximilian"]
[Black "Piantoni, Roberto"]
[Result "1/2-1/2"]
[WhiteElo "2428"]
[BlackElo "2124"]
[PlyCount "46"]
[EventDate "2004.08.20"]

1.e4 c6 2.d4 d5 3.Nd2 dxe4 4.Nxe4 Nf6 5.Nxf6+ gxf6 6.Nf3 Bg4 7.Be2 e6 8.
Be3 Nd7 9.Qd2 Qc7 10.c4 O-O-O 11.h3 Bh5 12.O-O Rg8 13.Qc3 f5 14.b4 Nf6 15.
Rae1 Ne4 16.Qb3 Be7 17.Ne5 Bxe2 18.Rxe2 f6 19.Nd3 Bd6 20.Kh1 Qg7 21.Rg1 
Qg3 22.fxg3 Nxg3+ 23.Kh2 Nf1+ 1/2-1/2

[Event "XXIV Festival Conca della Presolana A"]
[Site "Bratto - Castione della Presolana ITA"]
[Date "2004.08.20"]
[Round "1"]
[White "Gardi, Giuseppe"]
[Black "Bernard, Jacques"]
[Result "0-1"]
[WhiteElo "2061"]
[BlackElo "2222"]
[PlyCount "64"]
[EventDate "2004.08.20"]

1.d4 Nf6 2.Nf3 g6 3.Nc3 d5 4.Bf4 Bg7 5.e3 O-O 6.Be2 c6 7.Ne5 Nfd7 8.Nf3 
Qb6 9.a3 Re8 10.O-O Na6 11.b4 Qd8 12.Qd2 Nc7 13.Na4 e5 14.dxe5 Nxe5 15.
Nxe5 Bxe5 16.Bxe5 Rxe5 17.Nc5 b6 18.Nb3 Bb7 19.a4 Qe7 20.a5 Ba6 21.axb6 
axb6 22.Nd4 Qe8 23.Bxa6 Rxa6 24.Rxa6 Nxa6 25.Qc3 c5 26.Nf3 Re4 27.bxc5 
Nxc5 28.Rd1 Rc4 29.Qb2 Na4 30.Qb3 Nc3 31.Rxd5 Qc8 32.Nd4 Nxd5 0-1

[Event "XXIV Festival Conca della Presolana A"]
[Site "Bratto - Castione della Presolana ITA"]
[Date "2004.08.20"]
[Round "1"]
[White "Gromovs, Sergejs"]
[Black "Vinzoni, Andrea"]
[Result "1-0"]
[WhiteElo "2341"]
[BlackElo "2090"]
[PlyCount "87"]
[EventDate "2004.08.20"]

1.d4 d5 2.Nf3 Nf6 3.c4 e6 4.Nc3 Nbd7 5.Qc2 Be7 6.Bf4 c6 7.e3 O-O 8.a3 Re8 
9.Bd3 dxc4 10.Bxc4 b5 11.Ba2 Bb7 12.O-O a6 13.Rfd1 Qb6 14.Ng5 Nf8 15.b4 a5
16.Rab1 axb4 17.axb4 Nd5 18.Nxd5 cxd5 19.Qe2 Rec8 20.Rb2 f6 21.Nf3 Bc6 22.
Ne1 Be8 23.Nd3 Ra3 24.Nc5 Rca8 25.Bb3 Kh8 26.h3 Qa7 27.Kh2 Ra1 28.Rdd2 
Bxc5 29.bxc5 Qa5 30.Bd6 Ng6 31.Ra2 Qd8 32.Rxa1 Rxa1 33.Ra2 Rxa2 34.Qxa2 
Bc6 35.Qa7 Kg8 36.e4 Qa8 37.Qb6 Nf8 38.exd5 exd5 39.Bc2 Ne6 40.Bb8 Qb7 41.
Bd6 Nxd4 42.Qd8+ Kf7 43.Bxh7 Ke6 44.g4 1-0

[Event "XXIV Festival Conca della Presolana A"]
[Site "Bratto - Castione della Presolana ITA"]
[Date "2004.08.20"]
[Round "1"]
[White "Isonzo, David"]
[Black "Castelfranchi, Carlo"]
[Result "1-0"]
[WhiteElo "2322"]
[BlackElo "2086"]
[PlyCount "109"]
[EventDate "2004.08.20"]

1.e4 Nf6 2.e5 Nd5 3.d4 d6 4.c4 Nb6 5.exd6 exd6 6.h3 Be7 7.Bd3 Nc6 8.Nf3 
Nb4 9.Be2 Bf5 10.Na3 Bf6 11.O-O O-O 12.Bd2 a5 13.Bc3 Re8 14.Re1 Qd7 15.Qd2
Nc6 16.b3 d5 17.c5 Nc8 18.Nc2 N8e7 19.Ne3 Be4 20.Ng4 Qf5 21.Nxf6+ Qxf6 22.
Ne5 Nxe5 23.dxe5 Qg6 24.f3 Bf5 25.Kh1 Nc6 26.Bb5 Qg3 27.e6 Rxe6 28.Rxe6 
fxe6 29.Bxc6 bxc6 30.Re1 Qh4 31.Be5 Qe7 32.Qf4 Qxc5 33.Rc1 Qb5 34.Qg5 Bg6 
35.h4 Rf8 36.h5 Rf5 37.Qd8+ Rf8 38.Qe7 Rf7 39.Qe8+ Rf8 40.Qxe6+ Bf7 41.Qg4
g6 42.Qg5 Re8 43.Qf6 Kf8 44.Qg7+ Ke7 45.Re1 Kd7 46.Qxf7+ Re7 47.Qf4 gxh5 
48.Qf5+ Ke8 49.Qxh5+ Kd7 50.Qf5+ Ke8 51.Qc8+ Kf7 52.Qh8 Qd3 53.Qf6+ Ke8 
54.Qxc6+ Kf7 55.Qc3 1-0

[Event "XXIV Festival Conca della Presolana A"]
[Site "Bratto - Castione della Presolana ITA"]
[Date "2004.08.20"]
[Round "1"]
[White "Khenkin, Igor"]
[Black "De Vita, Igor"]
[Result "1-0"]
[WhiteElo "2573"]
[BlackElo "2156"]
[PlyCount "61"]
[EventDate "2004.08.20"]

1.d4 e6 2.c4 Nf6 3.Nc3 d5 4.cxd5 exd5 5.Bg5 c6 6.e3 Be7 7.Bd3 Nbd7 8.h3 
Nf8 9.Nf3 Ng6 10.Qc2 Be6 11.h4 Nd7 12.O-O-O h6 13.Bxg6 hxg5 14.hxg5 Rxh1 
15.Rxh1 Bxg5 16.Bf5 Bxf5 17.Qxf5 Bf6 18.e4 g6 19.Qf4 Nf8 20.exd5 cxd5 21.
Nxd5 Qxd5 22.Qxf6 Rc8+ 23.Kb1 Rc6 24.Qf4 Qf5+ 25.Qxf5 gxf5 26.d5 Rc5 27.
Re1+ Kd8 28.Re5 f4 29.Rf5 Ke8 30.Ng5 Ne6 31.Ne4 1-0

[Event "XXIV Festival Conca della Presolana A"]
[Site "Bratto - Castione della Presolana ITA"]
[Date "2004.08.20"]
[Round "1"]
[White "Lanzani, Giuliano"]
[Black "Bresciani, Nicola"]
[Result "0-1"]
[WhiteElo "2074"]
[BlackElo "2284"]
[PlyCount "90"]
[EventDate "2004.08.20"]

1.e4 c5 2.Nc3 Nc6 3.g3 g6 4.Bg2 Bg7 5.Nge2 e6 6.d3 Nge7 7.Be3 Nd4 8.O-O d6
9.Qd2 O-O 10.Rab1 Nec6 11.a3 a5 12.f4 a4 13.g4 f5 14.gxf5 gxf5 15.Ng3 Qh4 
16.exf5 Nxf5 17.Nxf5 exf5 18.Nd5 Qd8 19.c3 Ne7 20.Rbe1 Nxd5 21.Bxd5+ Kh8 
22.d4 Qc7 23.Kh1 Bd7 24.Rg1 Bc6 25.dxc5 dxc5 26.Bxc6 Qxc6+ 27.Qg2 Rac8 28.
Qxc6 Rxc6 29.Bc1 Bf6 30.Re2 Rd8 31.Be3 b6 32.Bf2 Rcd6 33.Rge1 Kg7 34.Re6 
Kf7 35.Rxf6+ Rxf6 36.Bh4 Rd2 37.Bxf6 Kxf6 38.Rb1 c4 39.Kg1 b5 40.Kh1 Kf7 
41.Kg1 Kg6 42.Kh1 Kh5 43.Rg1 h6 44.Rg2 Rd1+ 45.Rg1 Rxg1+ 0-1

[Event "XXIV Festival Conca della Presolana A"]
[Site "Bratto - Castione della Presolana ITA"]
[Date "2004.08.20"]
[Round "1"]
[White "Lucaroni, Massimiliano"]
[Black "Gangemi, Salvatore"]
[Result "1-0"]
[WhiteElo "2305"]
[BlackElo "2085"]
[PlyCount "51"]
[EventDate "2004.08.20"]

1.e4 e6 2.Nf3 d5 3.e5 c5 4.b4 cxb4 5.a3 Nc6 6.axb4 Qc7 7.d4 Bxb4+ 8.c3 Ba5
9.Bd3 Nxd4 10.Nxd4 Bxc3+ 11.Nxc3 Qxc3+ 12.Qd2 Qxa1 13.O-O Bd7 14.Nb5 Qa4 
15.Nc7+ Kd8 16.Nxa8 f5 17.Qc3 Bc6 18.Bg5+ Kc8 19.Ra1 Qg4 20.Ba6 Kd7 21.
Bxb7 Bxb7 22.Qc7+ Ke8 23.h4 h6 24.Qb8+ Kf7 25.Qxb7+ Kg6 26.Rxa7 1-0

[Event "XXIV Festival Conca della Presolana A"]
[Site "Bratto - Castione della Presolana ITA"]
[Date "2004.08.20"]
[Round "1"]
[White "Magrini, Riccardo"]
[Black "Podini, Francesco"]
[Result "1/2-1/2"]
[WhiteElo "2270"]
[BlackElo "2074"]
[PlyCount "54"]
[EventDate "2004.08.20"]

1.e4 c5 2.Nf3 d6 3.d4 cxd4 4.Qxd4 Nc6 5.Bb5 Bd7 6.Bxc6 Bxc6 7.Nc3 e5 8.Qd3
Nf6 9.h3 Be7 10.O-O O-O 11.Bg5 Qc7 12.Rac1 Rfd8 13.Bxf6 Bxf6 14.Nd5 Bxd5 
15.Qxd5 Qc6 16.Rfd1 Rac8 17.c4 g6 18.Rc3 Be7 19.g4 h6 20.Kg2 Kg7 21.Qxc6 
Rxc6 22.Kg3 Rdc8 23.Rdc1 a6 24.a4 f6 25.h4 Bd8 26.b4 b5 27.axb5 axb5 
1/2-1/2

[Event "XXIV Festival Conca della Presolana A"]
[Site "Bratto - Castione della Presolana ITA"]
[Date "2004.08.20"]
[Round "1"]
[White "Maiorov, Nikita"]
[Black "Rosin, Federico"]
[Result "1-0"]
[WhiteElo "2414"]
[BlackElo "2124"]
[PlyCount "93"]
[EventDate "2004.08.20"]

1.d4 d5 2.c4 e6 3.Nf3 c5 4.cxd5 exd5 5.Bg5 Be7 6.Bxe7 Nxe7 7.dxc5 Qa5+ 8.
Qd2 Qxc5 9.Qc3 b6 10.e3 O-O 11.Qxc5 bxc5 12.Nbd2 Ba6 13.Be2 Rc8 14.Rc1 f6 
15.Rc3 Kf8 16.Bxa6 Nxa6 17.O-O g5 18.Rd1 g4 19.Ne1 d4 20.Rc4 dxe3 21.fxe3 
f5 22.Rdc1 Rd8 23.Nb3 Rab8 24.Rf4 Rd5 25.e4 Re5 26.exf5 Rxf5 27.Rxg4 Nb4 
28.Nxc5 Nxa2 29.Rc2 Kf7 30.Ned3 Nd5 31.Ra4 Nab4 32.Rxa7+ Kg6 33.Nxb4 Rxb4 
34.Nd3 Rb3 35.Rc6+ Nf6 36.g4 Rfb5 37.Nf4+ Kg5 38.Rg7+ Kxf4 39.Rxf6+ Ke3 
40.Re7+ Kd4 41.Rf4+ Kd5 42.Rf5+ Kd4 43.Rxb5 Rxb5 44.Rxh7 Ke3 45.Kg2 Rxb2+ 
46.Kg3 Rb3 47.Re7+ 1-0

[Event "XXIV Festival Conca della Presolana A"]
[Site "Bratto - Castione della Presolana ITA"]
[Date "2004.08.20"]
[Round "1"]
[White "Maksimenko, Andrei"]
[Black "Danieli, Enrico"]
[Result "1-0"]
[WhiteElo "2524"]
[BlackElo "2139"]
[PlyCount "29"]
[EventDate "2004.08.20"]

1.d4 Nf6 2.c4 c5 3.Nf3 cxd4 4.Nxd4 e5 5.Nb5 d5 6.cxd5 Bc5 7.N5c3 O-O 8.e3 
Bf5 9.f3 e4 10.g4 Nxd5 11.Nxd5 Qh4+ 12.Kd2 Rd8 13.Nc3 Qf2+ 14.Qe2 Bxe3+ 
15.Kd1 1-0

[Event "XXIV Festival Conca della Presolana A"]
[Site "Bratto - Castione della Presolana ITA"]
[Date "2004.08.20"]
[Round "1"]
[White "Manzoni, Alessandro"]
[Black "Marchand, Francois"]
[Result "1/2-1/2"]
[WhiteElo "2070"]
[BlackElo "2267"]
[PlyCount "70"]
[EventDate "2004.08.20"]

1.e4 c6 2.Nc3 d5 3.g3 dxe4 4.Nxe4 Bf5 5.Bg2 e6 6.Ne2 Nd7 7.O-O Ngf6 8.N2c3
Be7 9.d3 O-O 10.h3 Nd5 11.Bd2 Qb6 12.Rb1 Rad8 13.Qe1 Nb4 14.Qc1 c5 15.a3 
Nc6 16.b4 cxb4 17.Ne2 a5 18.axb4 axb4 19.Be3 Qc7 20.g4 Bg6 21.f4 f6 22.h4 
b6 23.d4 Na5 24.f5 Bf7 25.Nf4 exf5 26.gxf5 Rfe8 27.Ne6 Bxe6 28.fxe6 Nf8 
29.d5 Rxd5 30.Nxf6+ Bxf6 31.Bxd5 Qg3+ 32.Bg2 Rxe6 33.Rf3 Qxh4 34.Rf4 Qg3 
35.Bf2 Qg6 1/2-1/2

[Event "XXIV Festival Conca della Presolana A"]
[Site "Bratto - Castione della Presolana ITA"]
[Date "2004.08.20"]
[Round "1"]
[White "Marta, Daniele"]
[Black "Guido, Flavio"]
[Result "0-1"]
[WhiteElo "2089"]
[BlackElo "2338"]
[PlyCount "66"]
[EventDate "2004.08.20"]

1.d4 Nf6 2.c4 e6 3.Nf3 b6 4.g3 Ba6 5.b3 Bb4+ 6.Bd2 Be7 7.Bg2 Bb7 8.O-O O-O
9.Bc3 c5 10.Nbd2 d5 11.Ne5 Na6 12.Ndf3 Rc8 13.Bb2 Ne4 14.cxd5 exd5 15.Rc1 
Qd6 16.Qd3 Qe6 17.Qb1 c4 18.bxc4 dxc4 19.Rfd1 c3 20.Ba1 Nb4 21.Ng5 Nxg5 
22.Bxb7 c2 23.Rxc2 Rxc2 24.a3 Rc7 25.Bg2 Nd5 26.h4 f6 27.Qb3 Nc3 28.d5 
Qxe5 29.d6+ Qe6 30.Qxe6+ Nxe6 31.Bxc3 Rxc3 32.dxe7 Re8 33.Rd7 Rxa3 0-1

[Event "XXIV Festival Conca della Presolana A"]
[Site "Bratto - Castione della Presolana ITA"]
[Date "2004.08.20"]
[Round "1"]
[White "Marzano, Carlo"]
[Black "Rombaldoni, Axel"]
[Result "1-0"]
[WhiteElo "2244"]
[BlackElo "2063"]
[PlyCount "51"]
[EventDate "2004.08.20"]

1.d4 d5 2.Nf3 e6 3.Bf4 Nf6 4.Nbd2 Be7 5.e3 b6 6.c3 Bb7 7.Bd3 Nbd7 8.Qb1 c5
9.b4 cxb4 10.cxb4 Rc8 11.O-O h6 12.a3 O-O 13.h3 Rc3 14.a4 Qa8 15.a5 a6 16.
axb6 Nxb6 17.Bxa6 Bxa6 18.b5 Ba3 19.bxa6 Qxa6 20.Bd6 Nbd7 21.Bxf8 Nxf8 22.
Qa2 Qd3 23.Ne5 Qb5 24.Nb1 Rc1 25.Rxc1 Bxc1 26.Qc2 1-0

[Event "XXIV Festival Conca della Presolana A"]
[Site "Bratto - Castione della Presolana ITA"]
[Date "2004.08.20"]
[Round "1"]
[White "Mione, Dario"]
[Black "Barletta, Antonio"]
[Result "1/2-1/2"]
[WhiteElo "2256"]
[BlackElo "2066"]
[PlyCount "99"]
[EventDate "2004.08.20"]

1.e4 c5 2.Nf3 e6 3.c3 d5 4.exd5 Qxd5 5.d4 Nf6 6.Be2 Nc6 7.O-O cxd4 8.cxd4 
Bb4 9.a3 Ba5 10.b4 Bb6 11.Bb2 O-O 12.Qd3 Rd8 13.Rd1 Bd7 14.Nc3 Qd6 15.Ne4 
Nxe4 16.Qxe4 f5 17.Qh4 Ne7 18.Ne5 Ng6 19.Qg5 Qe7 20.Qe3 Nxe5 21.Qxe5 Bc6 
22.Bc4 Bd5 23.Rac1 Bxc4 24.Rxc4 Rd5 25.Qe2 Rad8 26.a4 a5 27.bxa5 Rxa5 28.
Re1 Rad5 29.g3 Bxd4 30.Rxd4 Rxd4 31.Bxd4 Rxd4 32.Qe5 Qd6 33.Qb5 Qd7 34.
Qxd7 Rxd7 35.Rxe6 Rd4 36.a5 Rd5 37.Re8+ Kf7 38.Ra8 Kf6 39.Kg2 Rd6 40.Rf8+ 
Kg6 41.h4 Rd5 42.Ra8 Rd3 43.f4 Ra3 44.Ra7 h5 45.Rxb7 Rxa5 46.Re7 Kf6 47.
Re3 g6 48.Kf3 Ra6 49.Rb3 Rc6 50.Ra3 1/2-1/2

[Event "XXIV Festival Conca della Presolana A"]
[Site "Bratto - Castione della Presolana ITA"]
[Date "2004.08.20"]
[Round "1"]
[White "Molteni, Costantino"]
[Black "Salvador, Roland"]
[Result "0-1"]
[WhiteElo "2010"]
[BlackElo "2178"]
[PlyCount "68"]
[EventDate "2004.08.20"]

1.Nf3 c5 2.c4 e6 3.g3 Nc6 4.Bg2 a6 5.Nc3 d6 6.O-O Nge7 7.d4 cxd4 8.Nxd4 
Nxd4 9.Qxd4 Nc6 10.Qd2 Be7 11.e4 O-O 12.b3 Rb8 13.Bb2 b5 14.cxb5 axb5 15.
Rfd1 b4 16.Ne2 e5 17.Qc2 Ba6 18.Qxc6 Bxe2 19.Rd2 Bb5 20.Qc2 Qb6 21.Bf1 
Rbc8 22.Qd1 Bxf1 23.Kxf1 f5 24.exf5 Rxf5 25.Qg4 Rcf8 26.Qc4+ Kh8 27.Qc2 
Bg5 28.Re2 Be3 29.Ke1 Rxf2 30.Rxf2 Bxf2+ 31.Kd1 Qb7 32.Qd2 Qh1+ 33.Kc2 
Rc8+ 34.Kd3 Qf3+ 0-1